| 000 | 00505 a2200193 4500 | ||
|---|---|---|---|
| 005 | 20250430093826.0 | ||
| 008 | 250428b |||||||| |||| 00| 0 eng d | ||
| 020 |
_a9781639878581 _c$ 99.00 |
||
| 040 | _aMAIN | ||
| 082 |
_a572.51 _bW671B |
||
| 100 | _aWilliams, Freya | ||
| 245 | _aBioinorganic chemistry: An introduction | ||
| 260 |
_bMurphy and Moore _c2024 _aNew York |
||
| 300 | _aviii, 237 | ||
| 650 | _aBiochemistry | ||
| 650 | _xChemistry-Inorganic | ||
| 650 | _xBiochemistry | ||
| 942 | _cBK | ||
| 999 |
_c358456 _d358456 |
||